[Event "24.Offene Herner Stadtmeisterschaft 2023"]
[Site "?"]
[Date "2023.03.13"]
[Round "6.13"]
[White "Sikorski, Thomas"]
[Black "Hammerich, Simon"]
[Result "0-1"]
[WhiteElo "1693"]
[BlackElo "2092"]
[PlyCount "74"]
[EventDate "2023.??.??"]
[WhiteTeam "SF Essen-Katernberg 0"]
[BlackTeam "SC Buer-Hassel 1919 e. V."]

1. c4 e6 2. Nf3 d5 3. d4 c5 4. Nc3 cxd4 5. Nxd4 e5 6. Ndb5 a6 7. Qa4 Bd7 8. Nxd5 Bxb5 9. cxb5 Qxd5 10. e4 Qd4 11. Bc4 Qxe4+ 12. Be3 Nf6 13. O-O Be7 14. Rae1 Qf5 15. f4 O-O 16. fxe5 Qxe5 17. Bf2 Qd6 18. a3 Nbd7 19. bxa6 Nb6 20. Bxb6 Qxb6+ 21. Kh1 Bd6 22. Qd1 Bxh2 23. axb7 Rad8 24. Qf3 Bb8 25. b3 Qc7 26. g3 h5 27. Rc1 h4 28. Qf4 Qc6+ 29. Qf3 Qxf3+ 30. Rxf3 hxg3 31. Rc2 Rd1+ 32. Kg2 Rfd8 33. Be2 R1d2 34. Rxd2 Rxd2 35. Re3 Bf4 36. Rd3 Rxe2+ 37. Kf3 Rf2# 0-1

[Event "24.Offene Herner Stadtmeisterschaft 2023"]
[Site "Herne"]
[Date "13.03.2023"]
[Round "6.14"]
[White "Bialas, Jan-Philip"]
[Black "Winterkamp, Sascha"]
[Result "1/2-1/2"]
[WhiteElo "1675"]
[BlackElo "1934"]
[PlyCount "75"]
[SourceDate "13.03.2023"]

1. d4 c5 2. e3 g6 3. Nf3 b6 4. Be2 Bg7 5. O-O Bb7 6. d5 d6 7. c4 Nf6 8. Qc2 b5 9. e4 bxc4 10. Bxc4 Nbd7 11. Nc3 O-O 12. Re1 Rb8 13. Rb1 Bc8 14. h3 Nh5 15. g4 Nhf6 16. Bf4 Nb6 17. Bf1 Nfd7 18. e5 dxe5 19. Nxe5 Nxe5 20. Bxe5 Bxe5 21. Rxe5 Nd7 22. Ree1 Nf6 23. Rbd1 h5 24. gxh5 Nxh5 25. Ne4 Nf4 26. Qc3 Bf5 27. d6 Bxe4 28. Rxe4 Ne6 29. Qg3 Ng7 30. Bc4 e6 31. Re5 Rxb2 32. Rxc5 Qb6 33. Qe5 Rb1 34. Rxb1 Qxb1+ 35. Bf1 f6 36. Qd4 Nf5 37. Qd2 Qb6 38. Ra5 1/2-1/2

[Event "24.Offene Herner Stadtmeisterschaft 2023"]
[Site "?"]
[Date "2023.03.13"]
[Round "6.15"]
[White "Kamper, Marco"]
[Black "LÃ¶ffelbein, Klaus"]
[Result "1-0"]
[WhiteElo "1606"]
[BlackElo "1834"]
[PlyCount "77"]
[EventDate "2023.??.??"]
[WhiteTeam "Sportgemeinschaft Suderwich 1909"]
[BlackTeam "SC Gerthe 46 - Werne"]

1. d4 Nf6 2. Bg5 d5 3. Bxf6 exf6 4. e3 Bd6 5. c4 c6 6. Nc3 dxc4 7. Bxc4 O-O 8. Qh5 Qe7 9. Nf3 g6 10. Qh6 Nd7 11. h4 Re8 12. e4 Bb4 13. O-O Nf8 14. Rfe1 Qc7 15. h5 Bd6 16. hxg6 Nxg6 17. e5 Bf8 18. Qh2 Be6 19. Bxe6 fxe6 20. exf6 Qxh2+ 21. Kxh2 Kf7 22. Ne4 h6 23. Ne5+ Nxe5 24. dxe5 Rad8 25. Red1 b6 26. Kg3 Kg6 27. Kf4 h5 28. Ke3 Rd5 29. f4 Red8 30. Rxd5 exd5 31. Nf2 Bc5+ 32. Kf3 Bxf2 33. Kxf2 d4 34. Ke2 Kf5 35. g3 Ke4 36. Rh1 d3+ 37. Kd2 Rg8 38. f7 Rf8 39. e6 1-0

[Event "24.Offene Herner Stadtmeisterschaft 2023"]
[Site "Herne"]
[Date "13.03.2023"]
[Round "6.17"]
[White "Rohloff, Markus"]
[Black "Vossen, Dieter"]
[Result "1-0"]
[WhiteElo "1881"]
[BlackElo "1500"]
[PlyCount "85"]
[SourceDate "13.03.2023"]

1. e4 d5 2. exd5 Qxd5 3. Nc3 Qa5 4. d4 Nf6 5. Bd2 Qb6 6. Nf3 Bg4 7. Be2 e6 8. O-O c5 9. Na4 Qc7 10. Nxc5 Bxc5 11. dxc5 Qxc5 12. Be3 Qd5 13. Qxd5 Nxd5 14. Bb5+ Ke7 15. Bc5+ Kf6 16. Bd4+ Ke7 17. Ne5 Bf5 18. c4 Nc7 19. Rfd1 Nxb5 20. cxb5 f6 21. Bc5+ Ke8 22. Nc4 Nd7 23. Nd6+ Kf8 24. Ba3 Bg6 25. Nf5+ Kg8 26. Ne7+ Kf7 27. Nxg6 Rhd8 28. Nf4 g5 29. Ne2 Rac8 30. Nc3 Rc7 31. g3 Rdc8 32. Ne4 Kg6 33. Nd6 Rd8 34. Rac1 Rxc1 35. Rxc1 Ne5 36. Rc7 Nf3+ 37. Kg2 g4 38. Rxb7 h5 39. h4 gxh3+ 40. Kxf3 f5 41. Rc7 e5 42. Rc1 Rf8 43. Rh1 1-0

[Event "24.Offene Herner Stadtmeisterschaft 2023"]
[Site "?"]
[Date "2023.03.13"]
[Round "6.18"]
[White "Funke, Eckhard"]
[Black "Nizak, Bodo"]
[Result "0-1"]
[WhiteElo "1868"]
[BlackElo "1602"]
[PlyCount "112"]
[EventDate "2023.??.??"]
[WhiteTeam "SV GÃ¼nnigfeld 1922 e."]
[BlackTeam "SK Ickern 60"]

1. d4 d5 2. c4 Bf5 3. cxd5 Bxb1 4. Rxb1 Qxd5 5. b3 Nc6 6. e3 e6 7. Bd2 Ba3 8. Nf3 b5 9. Be2 Nf6 10. O-O O-O 11. Ne1 Ne4 12. Bf3 f5 13. Qc2 Rac8 14. Nd3 Qd6 15. Bxe4 fxe4 16. Nf4 e5 17. dxe5 Nxe5 18. Qxe4 Rcd8 19. Bc3 Rfe8 20. Bxe5 Rxe5 21. Qf3 Rf8 22. Rfd1 Qh6 23. Qh3 Qf6 24. Nd5 Qf7 25. Nf4 Bd6 26. g3 Qf6 27. Rd5 Re4 28. Rh5 Bxf4 29. Rxh7 Bh6 30. Qg2 Re6 31. Rxh6 Qxh6 32. Qd5 Kh8 33. Qxb5 Qf6 34. Qc5 c6 35. Qh5+ Kg8 36. Qc5 Re5 37. Qc4+ Kh8 38. Qa6 Rd5 39. Qe2 Qd6 40. Qg4 Rd2 41. a4 Rd8 42. Qh4+ Kg8 43. Qc4+ Qd5 44. Rc1 Qxc4 45. Rxc4 R8d6 46. b4 Rb2 47. b5 cxb5 48. axb5 Rxb5 49. Rc2 Rbd5 50. Kg2 Rd2 51. Rc8+ Kf7 52. Rc7+ Kg6 53. Rc4 Rf6 54. Rg4+ Kf7 55. Ra4 Rfxf2+ 56. Kh3 Rfe2 0-1

[Event "24.Offene Herner Stadtmeisterschaft 2023"]
[Site "Herne"]
[Date "13.03.2023"]
[Round "6.19"]
[White "Foltin, Alica"]
[Black "Schmidt, Sebastian"]
[Result "0-1"]
[WhiteElo "1623"]
[BlackElo "1868"]
[PlyCount "42"]
[SourceDate "13.03.2023"]

1. e4 c5 2. Be2 Nf6 3. d3 Nc6 4. f4 e5 5. Nf3 d5 6. fxe5 dxe4 7. exf6 exf3 8. Bxf3 Qxf6 9. O-O Qd4+ 10. Kh1 Bd6 11. Bxc6+ bxc6 12. Qf3 O-O 13. Qxc6 Rb8 14. Qe4 Bb7 15. Qxd4 cxd4 16. c4 Rfe8 17. Nd2 Re2 18. Ne4 Bxe4 19. dxe4 d3 20. Bf4 Bxf4 21. Rxf4 Rbxb2 0-1

[Event "24.Offene Herner Stadtmeisterschaft 2023"]
[Site "Herne"]
[Date "13.03.2023"]
[Round "6.20"]
[White "Koch, Burkhard"]
[Black "Landwehr, Ingo"]
[Result "1-0"]
[WhiteElo "1765"]
[BlackElo "1511"]
[PlyCount "27"]
[SourceDate "13.03.2023"]

1. e4 g6 2. d4 Bg7 3. Nf3 d6 4. c4 Nc6 5. Be3 e5 6. d5 Nb8 7. Nc3 a5 8. c5 Ne7 9. Bb5+ Nd7 10. cxd6 cxd6 11. O-O O-O 12. Na4 f5 13. Ng5 Nf6 14. Bb6 1-0

[Event "24.Offene Herner Stadtmeisterschaft 2023"]
[Site "?"]
[Date "2023.03.13"]
[Round "6.21"]
[White "Deutschmann, JÃ¼rgen"]
[Black "Boxberg, Olaf"]
[Result "0-1"]
[WhiteElo "1603"]
[BlackElo "1765"]
[PlyCount "92"]
[EventDate "2023.??.??"]
[WhiteTeam "SV Hattingen e. V."]
[BlackTeam "SV Datteln 1924"]

1. d4 Nf6 2. Nc3 d6 3. Bf4 c6 4. e4 Qa5 5. Bd3 e5 6. dxe5 dxe5 7. Bd2 Qb6 8. Na4 Qc7 9. a3 b5 10. Nc3 a5 11. h3 Nbd7 12. g4 Nc5 13. g5 Nxd3+ 14. cxd3 Nd7 15. Rc1 Ba6 16. Be3 b4 17. axb4 axb4 18. Nce2 Qb7 19. Qc2 Rc8 20. b3 Qb5 21. Qc4 Qb7 22. Qc2 Qb5 23. Qc4 Qxc4 24. dxc4 Bc5 25. Ra1 Bxe3 26. fxe3 Nc5 27. Nf3 f6 28. Ra5 Nd3+ 29. Kf1 Bb7 30. Kg2 Ra8 31. Rxa8+ Bxa8 32. gxf6 gxf6 33. Rd1 Nc5 34. Nd2 Ke7 35. Ng3 Rd8 36. Ngf1 Nxb3 37. Kf2 Nxd2 38. Rxd2 Rxd2+ 39. Nxd2 c5 40. h4 h5 41. Ke2 Bc6 42. Nb3 Kd6 43. Kd3 Bd7 44. Nc1 Bh3 45. Nb3 Bf1+ 46. Kc2 Kc6 0-1

Event "OHS 2023"]
[Site "Herne"]
[Date "13.03.2023"]
[Round "6.22"]
[White "Rathke, Dieter"]
[Black "Mayeres, Hans-Christian"]
[Result "0-1"]
[WhiteElo "1552"]
[BlackElo "1763"]
[PlyCount "50"]
[SourceDate "13.03.2023"]

1. d4 Nf6 2. Nf3 g6 3. Nc3 Bg7 4. e4 d6 5. Bg5 h6 6. Bd2 O-O 7. Be2 a6 8. a4 b6 9. O-O Bb7 10. d5 Nbd7 11. b4 a5 12. bxa5 Rxa5 13. Ra3 Nc5 14. Re1 Qd7 15. Bb5 c6 16. dxc6 Bxc6 17. Bxc6 Qxc6 18. Qc1 Kh7 19. Nd5 Rxa4 20. Rxa4 Qxa4 21. Nxb6 Qc6 22. Nd5 Nfxe4 23. Nb4 Qb7 24. Nd3 Nxd2 25. Nxc5 Nxf3+ 0-1

[Event "24.Offene Herner Stadtmeisterschaft 2023"]
[Site "?"]
[Date "2023.03.13"]
[Round "6.23"]
[White "MÃ¼cke, Lukas Benedikt"]
[Black "Gausmann, Thomas"]
[Result "1/2-1/2"]
[WhiteElo "1599"]
[BlackElo "1741"]
[PlyCount "93"]
[EventDate "2023.??.??"]
[WhiteTeam "SV Waltrop 1922 e. V."]
[BlackTeam "SG Bochum 1931"]

1. e4 e5 2. Nf3 Nf6 3. Nxe5 d6 4. Nc4 Nxe4 5. Qe2 Qe7 6. d3 Nf6 7. Ne3 d5 8. d4 g6 9. g3 Bg7 10. Bg2 c6 11. O-O O-O 12. Re1 Re8 13. h3 Na6 14. c4 dxc4 15. Qxc4 Be6 16. Qd3 Nb4 17. Qa3 Bf8 18. Bd2 a5 19. Bxb4 axb4 20. Qd3 Rad8 21. Nd2 Qd7 22. Nc2 Bxh3 23. Rxe8 Rxe8 24. Nf3 Bxg2 25. Kxg2 Ra8 26. Ne3 Nd5 27. Ne5 Qe6 28. a3 f6 29. Nf3 Bh6 30. Nxd5 Qxd5 31. Rh1 Bf8 32. axb4 Ra4 33. Qe3 Rxb4 34. Ra1 Rb3 35. Qf4 Kf7 36. Qc7+ Be7 37. Re1 Qd6 38. Qc8 Qd5 39. Qc7 Qd8 40. Qf4 Kg7 41. Qe4 Bb4 42. Re2 Qd5 43. Qxd5 cxd5 44. Rc2 Bd6 45. Ng1 h5 46. Ne2 g5 47. Nc3 1/2-1/2

[Event "24.Offene Herner Stadtmeisterschaft 2023"]
[Site "Herne"]
[Date "13.03.2023"]
[Round "6.24"]
[White "Müller-Kreth, Kai"]
[Black "Schulz, Angelika"]
[Result "0-1"]
[WhiteElo "1732"]
[BlackElo "1590"]
[PlyCount "90"]
[SourceDate "13.03.2023"]

1. d4 d5 2. Nf3 Nf6 3. c4 c6 4. cxd5 cxd5 5. Nc3 Nc6 6. Bf4 a6 7. e3 Bf5 8. Be2 e6 9. O-O Bd6 10. Ne5 O-O 11. g4 Bg6 12. Nxg6 fxg6 13. Bxd6 Qxd6 14. f4 Qe7 15. a3 b5 16. b4 Rfc8 17. Qb3 Rc7 18. g5 Ne8 19. Bd3 Nd6 20. Rfc1 Rf8 21. Nxd5 exd5 22. Qxd5+ Nf7 23. Re1 Rd8 24. Qb3 Qd7 25. Bf1 Rdc8 26. Bg2 Ne7 27. d5 Rc3 28. Qd1 Nf5 29. Bh3 Qa7 30. Qd2 N7d6 31. Bg2 Rxe3 32. Rxe3 Qxe3+ 33. Qxe3 Nxe3 34. Bf3 Rc3 35. Kf2 Nec4 36. a4 bxa4 37. Rxa4 Ra3 38. Rxa3 Nxa3 39. Be2 Nab5 40. Ke3 Kf7 41. Kd3 Ke7 42. Bg4 Nf5 43. Bf3 Kd6 44. Bh1 Nc7 45. Kc4 Ne3+ 0-1

[Event "24.Offene Herner Stadtmeisterschaft 2023"]
[Site "Herne"]
[Date "13.03.2023"]
[Round "6.26"]
[White "Heiduk, Christopher"]
[Black "Scheithauer, Ralf"]
[Result "1-0"]
[WhiteElo "1583"]
[BlackElo "1368"]
[PlyCount "118"]
[SourceDate "13.03.2023"]

1. e4 e5 2. Nf3 Nc6 3. Bc4 Bc5 4. b4 Bxb4 5. c3 Bd6 6. Qb3 Qe7 7. O-O Nf6 8. d4 Na5 9. Qa4 Nxc4 10. Qxc4 c6 11. Bg5 h6 12. Bh4 Bc7 13. dxe5 Bxe5 14. Nxe5 Qxe5 15. f4 Qxe4 16. Re1 d5 17. Rxe4+ Nxe4 18. Qb4 c5 19. Qb5+ Kf8 20. Na3 b6 21. Qc6 Rb8 22. Qxd5 Bb7 23. Qd3 Kg8 24. Nc4 f6 25. Ne3 Kh7 26. Rd1 Bc6 27. Nd5 Rhe8 28. Re1 f5 29. g4 g6 30. c4 Rb7 31. Qd1 Rf8 32. Ne7 Rd7 33. Nd5 Rff7 34. Qb3 Nd2 35. Qc3 Ne4 36. Qe5 b5 37. Nf6+ Nxf6 38. Bxf6 bxc4 39. g5 Be4 40. Qe8 Rg7 41. Bxg7 Rxg7 42. Rd1 Bd3 43. Qc6 h5 44. Qxc5 Rb7 45. Re1 Be4 46. Qxc4 Rd7 47. Rxe4 fxe4 48. Qxe4 Rf7 49. a4 Kg7 50. Kg2 Rf5 51. Kg3 Rf7 52. Qe5+ Kh7 53. Kf3 Kg8 54. Ke4 Kh7 55. Qe8 Kg7 56. a5 Rb7 57. f5 gxf5+ 58. Kxf5 Rf7+ 59. Ke5 Rf8 1-0

[Event "24.Offene Herner Stadtmeisterschaft 2023"]
[Site "Herne"]
[Date "13.03.2023"]
[Round "6.29"]
[White "Pollerberg, Amelie"]
[Black "Schmitz, Christoph"]
[Result "1/2-1/2"]
[WhiteElo "1478"]
[BlackElo "1362"]
[PlyCount "46"]
[SourceDate "13.03.2023"]

1. e4 c6 2. d4 d5 3. exd5 cxd5 4. Nc3 Nc6 5. Nf3 Bf5 6. Bb5 e6 7. O-O Nf6 8. Bf4 Bd6 9. Bxd6 Qxd6 10. a3 O-O 11. Re1 a6 12. Bxc6 Qxc6 13. Ne5 Qc7 14. Qd2 Rfc8 15. f3 Nd7 16. Nxd7 Qxd7 17. Rac1 Rab8 18. Ne2 b5 19. Nf4 a5 20. g4 Bg6 21. Nxg6 hxg6 22. Qxa5 b4 23. a4 b3 1/2-1/2

[Event "24.Offene Herner Stadtmeisterschaft 2023"]
[Site "Herne"]
[Date "13.03.2023"]
[Round "6.30"]
[White "Mrowetz, Josef"]
[Black "Kümmel, Hans-Jürgen"]
[Result "1/2-1/2"]
[WhiteElo "1470"]
[BlackElo "1329"]
[PlyCount "63"]
[SourceDate "13.03.2023"]

1. f4 f5 2. Nf3 Nf6 3. e3 Nc6 4. Bb5 a6 5. Bxc6 dxc6 6. O-O Be6 7. Nc3 Qd6 8. Ne2 O-O-O 9. Ned4 h6 10. d3 g6 11. Qe2 Bg7 12. c3 Nd7 13. e4 Bxd4+ 14. cxd4 Nb6 15. Bd2 fxe4 16. dxe4 Bg4 17. Be3 e6 18. Qd3 Bxf3 19. Rxf3 Qe7 20. Raf1 Rhg8 21. e5 Nd5 22. Bd2 Rdf8 23. Qb3 Rf5 24. a3 Rff8 25. Qc4 Nb6 26. Qb3 Qd7 27. Qd3 Rd8 28. Bc3 Nd5 29. R1f2 Rdf8 30. Qc4 Nb6 31. Qc5 Qd5 32. Qxd5 1/2-1/2

[Event "24.Offene Herner Stadtmeisterschaft 2023"]
[Site "Herne"]
[Date "13.03.2023"]
[Round "6.31"]
[White "Buchop, Rainer"]
[Black "Oelmann, Barbara"]
[Result "1-0"]
[WhiteElo "1440"]
[BlackElo "762"]
[PlyCount "55"]
[SourceDate "13.03.2023"]

1. Nf3 e6 2. c4 Nf6 3. Nc3 d5 4. g3 dxc4 5. e4 Bc5 6. Bxc4 O-O 7. O-O Bd7 8. d4 Be7 9. Bf4 c6 10. Qc2 Na6 11. a3 Nc7 12. Rad1 Nh5 13. Bc1 Rc8 14. Rfe1 b5 15. Ba2 b4 16. axb4 Bxb4 17. Qe2 Nb5 18. Bd2 Qc7 19. Nxb5 Qa5 20. Bxb4 Qxb4 21. Nc3 Rfe8 22. Bb1 a5 23. e5 g6 24. Ne4 Rb8 25. Rd2 Kg7 26. Nd6 Rf8 27. Qe3 Bc8 28. g4 1-0

[Event "24.Offene Herner Stadtmeisterschaft 2023"]
[Site "?"]
[Date "2023.03.20"]
[Round "7.1"]
[White "Quast, Marcel"]
[Black "Lang, Daniel"]
[Result "1/2-1/2"]
[WhiteElo "2218"]
[BlackElo "2116"]
[PlyCount "29"]
[EventDate "2023.??.??"]
[WhiteTeam "SC Gerthe 46 - Werne"]
[BlackTeam "SV Wattenscheid 1930 e"]

1. e4 e6 2. d4 d5 3. Nc3 Bb4 4. exd5 exd5 5. Bd3 Nf6 6. Nge2 O-O 7. O-O Nc6 8. Bg5 Be7 9. a3 h6 10. Be3 Re8 11. Qd2 Bf8 12. f3 Ne7 13. Ng3 Qd7 14. Nce2 b6 15. Rae1 1/2-1/2

[Event "24.Offene Herner Stadtmeisterschaft 2023"]
[Site "?"]
[Date "2023.03.20"]
[Round "7.2"]
[White "Schulze-Schwering, Philipp"]
[Black "Koscielski, Janusz"]
[Result "1/2-1/2"]
[WhiteElo "2037"]
[BlackElo "2220"]
[PlyCount "29"]
[EventDate "2023.??.??"]
[WhiteTeam "Turnverein Borken 1922 e. V."]
[BlackTeam "SV Wattenscheid 1930 e"]

1. d4 Nf6 2. Nf3 g6 3. g3 Bg7 4. Bg2 O-O 5. O-O d6 6. b3 c5 7. Bb2 cxd4 8. Nxd4 d5 9. c4 dxc4 10. bxc4 Qb6 11. Qc1 Nfd7 12. Nb3 Bxb2 13. Qxb2 Na6 14. Nc3 Nf6 15. Qa3 1/2-1/2

[Event "24.Offene Herner Stadtmeisterschaft 2023"]
[Site "?"]
[Date "2023.03.20"]
[Round "7.3"]
[White "Hahn, Matthias"]
[Black "Kiese, Matthias"]
[Result "0-1"]
[WhiteElo "2084"]
[BlackElo "2149"]
[PlyCount "66"]
[EventDate "2023.??.??"]
[WhiteTeam "SV Bochum-Linden-Dahlh"]
[BlackTeam "Bochumer SV 02"]

1. d4 d5 2. c4 e6 3. Nc3 Nf6 4. Bg5 Be7 5. e3 Nbd7 6. Nf3 O-O 7. Rc1 c6 8. Bd3 h6 9. Bh4 dxc4 10. Bxc4 b5 11. Bd3 Bb7 12. O-O Rc8 13. Ne5 Nxe5 14. dxe5 Nd7 15. Bxe7 Qxe7 16. f4 Nc5 17. Be2 Rfd8 18. Qc2 a5 19. Bf3 b4 20. Ne4 Nxe4 21. Bxe4 c5 22. b3 Ba6 23. Rfd1 c4 24. Qe2 Qc5 25. Rxd8+ Rxd8 26. bxc4 a4 27. Bd3 b3 28. axb3 axb3 29. Rb1 Qb4 30. Qd1 Bxc4 31. Bh7+ Kxh7 32. Qxd8 Bd5 33. Qc7 Qd2 0-1

[Event "24.Offene Herner Stadtmeisterschaft 2023"]
[Site "?"]
[Date "2023.03.20"]
[Round "7.4"]
[White "Radi, Günter"]
[Black "Althoff, Ralph"]
[Result "0-1"]
[WhiteElo "1837"]
[BlackElo "1976"]
[PlyCount "66"]
[EventDate "2023.??.??"]
[WhiteTeam "SV Günnigfeld 1922 e."]
[BlackTeam "SF Brackel 1930 e. V."]

1. d4 d5 2. c4 e6 3. Nc3 Be7 4. Nf3 Nf6 5. Bf4 O-O 6. e3 b6 7. Rc1 c5 8. cxd5 exd5 9. dxc5 bxc5 10. Be2 Nc6 11. O-O Be6 12. b3 h6 13. Na4 Qa5 14. Ne5 Rac8 15. a3 Nxe5 16. Bxe5 Rfd8 17. Bc3 Qc7 18. Qe1 Nd7 19. Ba5 Nb6 20. Nc3 Bf6 21. Ba6 Rb8 22. Na4 c4 23. bxc4 dxc4 24. Qe2 Qc6 25. Nc3 Bxc3 26. Bxc3 Na4 27. Be5 Qxa6 28. Bxb8 Rxb8 29. Rfd1 Nb2 30. Rd4 Qxa3 31. Rb1 c3 32. Qe1 c2 33. Ra1 Nd3 0-1

[Event "24.Offene Herner Stadtmeisterschaft 2023"]
[Site "?"]
[Date "2023.03.20"]
[Round "7.5"]
[White "Westendorp, Christian"]
[Black "Trzaska, Peter"]
[Result "0-1"]
[WhiteElo "1851"]
[BlackElo "2036"]
[PlyCount "108"]
[EventDate "2023.??.??"]
[WhiteTeam "SK Holsterhausen e. V."]
[BlackTeam "SV Erkenschwick 1923 e"]

1. d4 d5 2. c4 dxc4 3. Nc3 e5 4. Nf3 exd4 5. Qxd4 Qxd4 6. Nxd4 a6 7. a4 Nf6 8. Bg5 Be7 9. e3 c5 10. Nf3 Be6 11. Nd2 Nc6 12. Bxc4 Ne5 13. Bxe6 fxe6 14. Ke2 O-O 15. Rhd1 Rad8 16. f4 Nc6 17. Bxf6 gxf6 18. Nc4 Kf7 19. Ne4 Rd5 20. Ned6+ Bxd6 21. Nxd6+ Ke7 22. Rxd5 exd5 23. Nxb7 c4 24. Rd1 Rb8 25. Nc5 Rxb2+ 26. Kf3 Nb4 27. h4 Kd6 28. Ne4+ Kc6 29. Nc3 Rb3 30. Ne2 Kb6 31. g4 Nc2 32. a5+ Kc5 33. Nd4 Rxe3+ 34. Kf2 Rh3 35. Nf3 d4 36. Rd2 d3 37. Kg2 Rxf3 38. Kxf3 Kd4 39. g5 fxg5 40. f5 Ke5 41. f6 Kxf6 42. Ke4 gxh4 43. Kd5 Na3 44. Kd4 Kf5 45. Ra2 Nb1 46. Rf2+ Kg4 47. Kxc4 h3 48. Kxd3 Na3 49. Ra2 Nb5 50. Kc4 Kg3 51. Rb2 Nd6+ 52. Kd4 h2 53. Rb3+ Kg4 54. Rb1 Nf5+ 0-1

[Event "24.Offene Herner Stadtmeisterschaft 2023"]
[Site "?"]
[Date "2023.03.20"]
[Round "7.6"]
[White "Schmidt, Ralph"]
[Black "Wiechen, Ulrich"]
[Result "1-0"]
[WhiteElo "1873"]
[BlackElo "1941"]
[PlyCount "69"]
[EventDate "2023.??.??"]
[WhiteTeam "SV Bochum-Linden-Dahlh"]
[BlackTeam "SC Buer-Hassel 1919 e. V."]

1. e4 e5 2. Nf3 Nc6 3. Bc4 Nf6 4. Ng5 d5 5. exd5 Na5 6. d3 h6 7. Nf3 Bg4 8. h3 Bh5 9. g4 Nxc4 10. dxc4 Bg6 11. Be3 e4 12. Nd4 c6 13. dxc6 bxc6 14. c3 Bd6 15. Nxc6 Qc7 16. Nxa7 Rxa7 17. Bxa7 O-O 18. Be3 Nd7 19. Bd4 e3 20. Bxe3 Ne5 21. Na3 Bxa3 22. bxa3 Qxc4 23. Qb3 Qd3 24. Qd1 Qc4 25. Qb3 Qd3 26. Qd1 Qa6 27. Qd5 Nd3+ 28. Kd2 Nb2 29. Rhd1 Re8 30. Qd4 Nc4+ 31. Ke1 Be4 32. Rab1 Bf3 33. Rd2 Re6 34. Qd3 Rd6 35. Rb8+ 1-0

[Event "24.Offene Herner Stadtmeisterschaft 2023"]
[Site "?"]
[Date "2023.03.20"]
[Round "7.7"]
[White "Cobanoglu, Ferhat"]
[Black "Bautz, Volker"]
[Result "1-0"]
[WhiteElo "1911"]
[BlackElo "1799"]
[PlyCount "55"]
[EventDate "2023.??.??"]
[WhiteTeam "SK Sodingen/Castrop 24/23 e. V."]
[BlackTeam "Bochumer SV 02"]

1. e4 c5 2. d3 g6 3. Nf3 Bg7 4. Be2 Nc6 5. c3 e6 6. Be3 d6 7. Qd2 h6 8. Na3 a6 9. d4 cxd4 10. Nxd4 Nge7 11. Rd1 d5 12. f3 dxe4 13. fxe4 Ne5 14. O-O g5 15. Qe1 Qc7 16. Qg3 N7g6 17. Bh5 Qe7 18. Nb3 O-O 19. Bc5 Qe8 20. Bxg6 Nxg6 21. Bxf8 Be5 22. Qf2 Qxf8 23. Qb6 Kg7 24. Nc4 Bb8 25. Qd8 Ba7+ 26. Kh1 Qxd8 27. Rxd8 b5 28. Nd6 1-0

[Event "24.Offene Herner Stadtmeisterschaft 2023"]
[Site "?"]
[Date "2023.03.20"]
[Round "7.8"]
[White "Hammerich, Simon"]
[Black "Schicktanz, Florian"]
[Result "1/2-1/2"]
[WhiteElo "2092"]
[BlackElo "1731"]
[PlyCount "162"]
[EventDate "2023.??.??"]
[WhiteTeam "SC Buer-Hassel 1919 e. V."]
[BlackTeam "SV Erkenschwick 1923 e"]

1. d4 d6 2. c4 g6 3. Nc3 Bg7 4. e4 f5 5. h4 Nf6 6. Bd3 fxe4 7. Nxe4 O-O 8. Bg5 h6 9. Be3 Ng4 10. Qc2 Nc6 11. Ne2 Nxe3 12. fxe3 Nb4 13. Qb3 Nxd3+ 14. Qxd3 Bf5 15. O-O-O d5 16. cxd5 Qxd5 17. N2c3 Qc6 18. Kb1 e5 19. d5 Qd7 20. Qc4 b5 21. Qb3 Rab8 22. d6+ Kh8 23. Ka1 b4 24. dxc7 Qxc7 25. Nd5 Qa5 26. Nd6 Be6 27. e4 Rfd8 28. Nc4 Qc5 29. Nce3 Qb5 30. h5 g5 31. Rc1 a5 32. Qc4 Qb7 33. Qc7 Qxc7 34. Rxc7 a4 35. b3 axb3 36. axb3 Rdc8 37. Rhc1 Ra8+ 38. Kb2 Rf8 39. Nxb4 Rab8 40. Nbd5 Rf2+ 41. R1c2 Rf4 42. Re7 Bxd5 43. Nxd5 Rxe4 44. Rcc7 Rd4 45. Rcd7 e4 46. Rxg7 Rxd5 47. Rh7+ Kg8 48. Rxd5 Kxh7 49. Rd7+ Kg8 50. Re7 Rf8 51. Kc3 Rc8+ 52. Kd4 Rb8 53. Kxe4 Rxb3 54. Kf5 Rb5+ 55. Re5 Rb4 56. Re6 Kg7 57. Re7+ Kf8 58. Ra7 Kg8 59. g4 Rb5+ 60. Kg6 Rb6+ 61. Kf5 Rb5+ 62. Ke6 Rb6+ 63. Kf5 Rb5+ 64. Ke6 Rb6+ 65. Ke5 Rb5+ 66. Kf6 Rb6+ 67. Ke7 Kg7 68. Ke8+ Kg8 69. Rd7 Rb4 70. Rd6 Re4+ 71. Kd7 Rxg4 72. Rxh6 Kf7 73. Rh7+ Kg8 74. Rh6 Kf7 75. Rg6 Rd4+ 76. Kc6 Rh4 77. Rxg5 Kf6 78. Rc5 Kg7 79. Kd6 Kh6 80. Ke6 Rxh5 81. Rxh5+ Kxh5 1/2-1/2

[Event "24.Offene Herner Stadtmeisterschaft 2023"]
[Site "?"]
[Date "2023.03.20"]
[Round "7.9"]
[White "Pinno, Gregor"]
[Black "Kamper, Marco"]
[Result "1-0"]
[WhiteElo "1911"]
[BlackElo "1606"]
[Annotator "Waldschmidt,Georg"]
[PlyCount "57"]
[EventDate "2023.??.??"]
[WhiteTeam "SF Olfen 1975"]
[BlackTeam "Sportgemeinschaft Suderwich 1909"]

{[%evp 0,13,15,10,47,40,47,25,36,20,44,-14,-18,-91,-50,-133]} 1. e4 c6 2. d4 d5 3. e5 Bf5 4. h4 h5 5. Bg5 Qb6 6. Bd3 Bxd3 7. Qxd3 e6 8. Nd2 c5 9. c4 Nc6 10. a3 Nxd4 11. Ngf3 Nxf3+ 12. Qxf3 d4 13. O-O Be7 14. Ne4 f6 15. exf6 Nxf6 16. Nxf6+ Bxf6 17. Bxf6 gxf6 18. Qxf6 Kd7 19. Qg7+ Kd6 20. Rae1 Rae8 21. Re2 Qc7 22. Qf6 Qe7 23. Qe5+ Kd7 24. g3 Qd6 25. Qe4 Qc6 26. Qg6 Qd6 27. Rfe1 Qe7 28. Re5 b6 29. Rxe6 1-0

[Event "24.Offene Herner Stadtmeisterschaft 2023"]
[Site "?"]
[Date "2023.03.20"]
[Round "7.10"]
[White "Nebel, Uwe"]
[Black "Boost, Jürgen"]
[Result "0-1"]
[WhiteElo "1809"]
[BlackElo "1813"]
[PlyCount "122"]
[EventDate "2023.??.??"]
[WhiteTeam "SG Drewer 54 e."]
[BlackTeam "SC Gerthe 46 - Werne"]

1. e4 e5 2. Nf3 Nc6 3. Bc4 Bc5 4. b4 Bxb4 5. c3 Ba5 6. d4 Qe7 7. Ba3 Bxc3+ 8. Nfd2 Bb4 9. Bb2 Nxd4 10. O-O Nf6 11. Bxd4 exd4 12. e5 Ng8 13. a3 Bxd2 14. Nxd2 Nh6 15. Nf3 O-O 16. Qxd4 d6 17. Rfe1 Bg4 18. exd6 Qxd6 19. Qe4 Bxf3 20. Qxf3 c6 21. Rad1 Qf6 22. Qxf6 gxf6 23. Rd7 b5 24. Bb3 c5 25. Rd5 Rfe8 26. Kf1 c4 27. Bd1 Rxe1+ 28. Kxe1 Re8+ 29. Kd2 Re5 30. Rd7 a6 31. Rd6 Re6 32. Rxe6 fxe6 33. Bf3 Nf5 34. Kc3 a5 35. a4 bxa4 36. Kxc4 Nd6+ 37. Kc3 Nb5+ 38. Kb2 Kf7 39. Bc6 a3+ 40. Ka2 Nd4 41. Ba4 Ke7 42. Kxa3 Kd6 43. Be8 Kc5 44. Ka4 Kb6 45. h4 h6 46. h5 Ne2 47. Bf7 e5 48. g4 Nc3+ 49. Kb3 Ne4 50. f3 Nd2+ 51. Kc3 Nxf3 52. Kd3 Kc5 53. Ke4 Nd4 54. Ba2 Kd6 55. Kd3 Kc5 56. Kc3 Nf3 57. Kd3 Kb4 58. Ke4 Nd4 59. Kd5 Ka3 60. Bb1 Kb2 61. Be4 a4 0-1

[Event "24.Offene Herner Stadtmeisterschaft 2023"]
[Site "?"]
[Date "2023.03.20"]
[Round "7.11"]
[White "Melmer, Felix"]
[Black "Klein, Andreas"]
[Result "1-0"]
[WhiteElo "2031"]
[BlackElo "1673"]
[PlyCount "46"]
[EventDate "2023.??.??"]
[BlackTeam "SC Buer-Hassel 1919 e. V."]

1. d4 d6 2. e4 c6 3. Nc3 Qc7 4. f4 g6 5. Nf3 Bg7 6. Bd3 e5 7. fxe5 dxe5 8. d5 Nf6 9. Bg5 Nbd7 10. Qe2 a6 11. a4 c5 12. a5 h6 13. Bh4 Nh5 14. Bc4 Qd6 15. O-O Nf4 16. Qd2 Nf6 17. Nxe5 Qxe5 18. Bxf6 Nh3+ 19. gxh3 Bxf6 20. Rf3 Bg5 21. Qf2 O-O 22. Qxc5 Bf4 23. Qf2 f5 1-0

[Event "24.Offene Herner Stadtmeisterschaft 2023"]
[Site "?"]
[Date "2023.03.20"]
[Round "7.12"]
[White "Mayeres, Hans-Christian"]
[Black "Waldschmidt, Georg"]
[Result "0-1"]
[WhiteElo "1763"]
[BlackElo "2135"]
[PlyCount "40"]
[EventDate "2023.??.??"]
[WhiteTeam "SC Recklinghausen Altsta"]
[BlackTeam "SK Sodingen/Castrop 24/23 e. V."]

1. c4 e6 2. g3 d5 3. Bg2 c5 4. Nf3 Nf6 5. O-O Nc6 6. e3 dxc4 7. Na3 Qc7 8. Qe2 a6 9. Nxc4 b5 10. Nce5 Bb7 11. Nxc6 Bxc6 12. d4 c4 13. Bd2 Qb7 14. Rfc1 Be7 15. a4 O-O 16. axb5 axb5 17. Ne1 Ne4 18. b3 Rxa1 19. Rxa1 c3 20. Bxe4 cxd2 0-1